000 00565nam a22002057a 4500
999 _c7974
_d7974
003 OSt
005 20220810170641.0
008 220810b ||||| |||| 00| 0 eng d
020 _a9780538448277
040 _cDDC
082 _a657 GIL 2009
100 _aGilbertson ,Claudia Bienias; Lehman, Mark W
_916196
245 _aFundamentals of Accounting.
250 _a9thed.
260 _aSingapore:
_bCengage Learning;
_c2009.
300 _axii,718p.:
_bill;
_c28cm
504 _aIndex included.
650 _aFundamentals of Accounting.
_916197
942 _2ddc
_cBOOK